000 01294nam a22003857a 4500
003 CHAP
005 20220329133733.0
008 971013s1993 r 00010 d
010 _a10137
011 _a11109
035 _a10347
040 _cCHAP
082 _a633
_bM39 v.1-7
110 _aMéxico. Dirección General de Política Agrícola
_977030
245 _aSistema producto aguacate
_b: datos básicos
260 _aMéxico, D.F. :
_bLa Dirección,
_c1993
300 _ac.a. 50 h.
501 _aEnc. con otros impresos similares
590 _aBATCH-UPD
_b10
_c20130109
_lUCH01
_h2353
590 _aBATCH-UPD
_b10
_c20130110
_lUCH01
_h1335
590 _aBATCH-UPD
_b10
_c20130409
_lUCH01
_h1926
590 _aBATCH-UPD
_b10
_c20130410
_lUCH01
_h0838
590 _aBATCH-UPD
_b10
_c20130913
_lUCH01
_h2253
590 _aCONVERSION
_b10
_c20130109
_lUCH01
_h1306
650 1 4 _aAguacate
_xCostos de producción.
_92503
650 1 4 _aAguacate
_xEnfermedades.
_92510
650 1 4 _aAguacate
_xExportacion.
_92515
650 1 4 _aAguacate
_xMercadeo.
_92534
650 1 4 _aAguacate
_xNormas de calidad.
_92540
650 1 4 _aAguacate
_xPlagas.
_92543
650 1 4 _aAguacate
_xRendimiento.
_92553
901 _aBK
942 _cLIBRO
949 _a633 M39 v.1-7
_bBC
_cC
_d33724000604518
_eC
_h85083
_i10347
_si
999 _c10137
_d10137